LIBRARY ONLINE CATALOGUE

Strategic Management (Record no. 19225)

MARC details
000 -LEADER
fixed length control field 00507nam a22001697a 4500
008 - FIXED-LENGTH DATA ELEMENTS--GENERAL INFORMATION
fixed length control field 220221b |||||||| |||| 00| 0 eng d
020 ## - INTERNATIONAL STANDARD BOOK NUMBER
International Standard Book Number 1305502272
050 ## - LIBRARY OF CONGRESS CALL NUMBER
Classification number HD70
Item number .H55 2017 c.1
100 ## - MAIN ENTRY--PERSONAL NAME
Personal name Hill, Charles W. L.
245 ## - TITLE STATEMENT
Title Strategic Management
Remainder of title An Integrated Approach, Theory and Cases
Statement of responsibility, etc. Charles W. L. Hill
250 ## - EDITION STATEMENT
Edition statement 12 ed.
260 ## - PUBLICATION, DISTRIBUTION, ETC. (IMPRINT)
Place of publication, distribution, etc. Australia
Name of publisher, distributor, etc. Cengage Learning
Date of publication, distribution, etc. 2017
300 ## - PHYSICAL DESCRIPTION
Extent 1 Vol. (Various paging)
650 ## - SUBJECT ADDED ENTRY--TOPICAL TERM
Topical term or geographic name as entry element Management
650 ## - SUBJECT ADDED ENTRY--TOPICAL TERM
Topical term or geographic name as entry element Strategic planning
942 ## - ADDED ENTRY ELEMENTS (KOHA)
Source of classification or shelving scheme Library of Congress Classification
Koha item type General Collection
Holdings
Withdrawn status Lost status Source of classification or shelving scheme Not for loan Home library Current library Date acquired Total Checkouts Full call number Barcode Date last seen Price effective from Koha item type
    Library of Congress Classification   Kabarak, Main Campus Kabarak, Main Campus 21/02/2022   HD70 .H55 2017 c.1 031598 02/08/2024 21/02/2022 General Collection